Responses for show #6937 - Tuesday, November 11, 2014

2014 Tournament of Champions quarterfinal game 2.

Contestants

[<< previous game]

Rani Peffer, a corporate finance manager from Crittenden, Kentucky

Andrew Moore, a test prep instructor from Dacula, Georgia

Arthur Chu, a compliance analyst, voiceover artist, and blogger from Broadview Heights, Ohio

[next game >>]

Jeopardy! Round responses

U.S. CITY NICKNAMES
WEIGHTS & MEASURES
LITERARY AWARDS
CROSSWORD CLUES "M"
ABOVE
& BEYONCÉ
    $200 27
(Andrew: What is Alamogordo?)

Los Alamos

AndrewRani
    $200 30
(Arthur: What is a bed?)
(Alex: Be more specific.)
(Arthur: A [*]?)

mattress

Arthur
    $200 29
the Hugo

Arthur
    $200 21
Madame

Arthur
    $200 28
Head & Shoulders

Arthur
    $200 25
Destiny's Child

Arthur
    $400 7
Branson

Andrew
    $400 22
imperial

Arthur
    $400 23
(Albert) Camus

Andrew
    $400 20
marquis

Rani
    $400 26
(Andrew: Who is... Portia?)
...
(Alex: That is it. We were going for completion of that phrase.)

suspicion

ArthurAndrew
    $400 18
"Single Ladies"

Arthur
    $600 3
Eugene

Andrew
    $600 19
75%

Rani
    $600 2
Astrid Lindgren

Triple Stumper
    $600 1
Maserati

Triple Stumper
    $600 24
above the line

Arthur
    $600 6
Blue Ivy

Rani
    $800 14
Gary

Andrew
    $800 8
tera

Arthur
    $800 9
Booker Prize

Triple Stumper
    $800 4
microorganisms

Andrew
    $800 5
Tintern Abbey

Arthur
    $800 17
Etta James

Rani
    $1000 13
Rochester

Andrew
    $1000 12
board foot

Arthur
    $1,000 15
(Sylvia) Plath

Andrew
    $1000 10
Matthias

Arthur
    $1000 11
(Andrew: What is God save the Queen?)
(Arthur: ...Sorry.)

Deutschland, Deutschland über alles

ArthurAndrew
Triple Stumper
    $1000 16
(Arthur: What is "Drunk On Love"?)
...
(Alex: In love, not on love.)

"Drunk In Love"

ArthurAndrew

Scores at the first commercial break (after clue 15):

Arthur Andrew Rani
$2,600 $3,600 $600

Scores at the end of the Jeopardy! Round:

Arthur Andrew Rani
$4,400 $4,400 $2,600

Double Jeopardy! Round responses

OPERA MAN
ALL THE PRESIDENTS' CHILDREN
INTERNATIONAL FESTIVALS
VOWEL, CONSONANT x3
(Alex: Each correct response will be six letters long. Each correct response begins with a vowel, ends with a consonant.)
THE CASPIAN SEA
SUPERMAN TO HER LOIS LANE
    $400 26
Siegfried

Andrew
    $400 29
Grover Cleveland

Rani
    $400 27
Oktoberfest

Andrew
    $400 1
exodus

Rani
    $400 28
caviar

Arthur
    $400 30
Christopher Reeve

Rani
    $800 22
Billy Budd

Arthur
    $800 24
Sasha Obama

Arthur
    $800 23
Cannes

Arthur
    $800 2
amused

Arthur
    $800 21
the Volga

Rani
    $800 25
Henry Cavill

Triple Stumper
    $1200 11
(Rani: What is staying in his cell?)
...
(Alex: Problems with [*] in his cell.)

singing

Rani
Triple Stumper
    $3,000 20
John F. Kennedy, Jr.

Arthur
    $1200 15
(Rani: What is Nagano?)
(Andrew: What is Osaka?)

Sapporo

AndrewRani
Triple Stumper
    $1200 5
amazed

Andrew
    $1200 16
the zebra mussel

Arthur
    $1200 19
Dean Cain

Arthur
    $1600 4
(Lieutenant) Pinkerton

Rani
    $1600 6
(Alex: Son of Elliott was--er, the father of Elliott was [*].)

FDR

Triple Stumper
    $1600 9
Montreux

Triple Stumper
    $1600 10
orator

Arthur
    $2,000 7
(Andrew: What is Georgia?)

Iran

Andrew
    $1600 3
George Reeves

Triple Stumper
    $2000 18
Fidelio

Arthur
    $2000 17
Maureen Reagan

Triple Stumper
    $2000 14
Diwali

Andrew
    $2000 13
uterus

Arthur
    $2000 8
Baku

Arthur
    $2000 12
Brandon Routh

Triple Stumper

Scores at the end of the Double Jeopardy! Round:

Arthur Andrew Rani
$21,000 $5,200 $3,800
(lock game)

Final Jeopardy! Round responses

THE OXFORD ENGLISH DICTIONARY
RaniWhat is run?
$3,799
AndrewWhat is win?
$5,199
ArthurWhat is run?
$0
run

Final scores:

Arthur Andrew Rani
$21,000 $1 $7,599
Automatic semifinalist 3rd place: $5,000 if eliminated 2nd place: $5,000 if eliminated

Game dynamics:

Coryat scores:

Arthur Andrew Rani
$19,200 $7,200 $3,800
25 R
(including 1 DD),
2 W
12 R
(including 1 DD),
5 W
(including 1 DD)
10 R,
2 W

Combined Coryat: $30,200

The J! Archive is created by fans, for fans. The Jeopardy! game show and all elements thereof, including but not limited to copyright and trademark thereto, are the property of Jeopardy Productions, Inc. and are protected under law. This website is not affiliated with, sponsored by, or operated by Jeopardy Productions, Inc. Join the discussion at JBoard.tv.